Score 0/20 Timer 03:00
3 Plays Today
Movie Missing Place % Correct
Sleepless in _____Seattle
94.4%
When In _____Rome
87.6%
_____ Confidential L.A.
80.7%
From _____ With Love Russia
75.8%
Good Morning, _____Vietnam
74.2%
3:10 to _____Yuma
72.8%
Mr. Smith Goes To _____ Washington
69.6%
The Last King of _____Scotland
62.8%
Big Trouble In Little _____China
57.2%
Out of _____Africa
54.6%
Movie Missing Place % Correct
Once Upon a Time in _____ Mexico
43.5%
_____, TexasParis
43%
My Own Private _____Idaho
34%
The Purple Rose of _____Cairo
31%
In _____Bruges
24%
The Boys From _____Brazil
23.5%
Judgement at _____Nuremberg
21.5%
The _____ StoryPhiladelphia
20.7%
Police Academy: Mission to _____Moscow
15.2%
_____ InnJamaica
5.5%

Today's Daily Dose

Missing Word
Lizzo Songs

Get the Picture
The Longest Rivers

Remove Ads.
Support Sporcle.
Get the best of Sporcle when you Go Orange. This ad-free experience offers more features, more stats, and more fun while also helping to support Sporcle. Thank you for becoming a member.

You're not logged in!

Compare scores with friends on all Sporcle quizzes.
OR
Log In

Show Comments

Extras

Top Quizzes Today


Score Distribution

Your Account Isn't Verified!

In order to create a playlist on Sporcle, you need to verify the email address you used during registration. Go to your Sporcle Settings to finish the process.

Report this User

Report this user for behavior that violates our Community Guidelines.

Details: